| 000 -CABECERA |
| Longitud fija campo de control |
00989nam a2200325 a 4500 |
| 001 - NÚMERO DE CONTROL |
| Número de control |
991005630009706706 |
| 003 - IDENTIFICADOR DEL NÚMERO DE CONTROL |
| Identificador del número de control |
OSt |
| 005 - FECHA Y HORA DE LA ÚLTIMA TRANSACCIÓN |
| Fecha y hora de la última transacción |
20211210124540.0 |
| 008 - CÓDIGOS DE INFORMACIÓN DE LONGITUD FIJA |
| Códigos de información de longitud fija |
920715s1992 sp a || 000 |bspa|c |
| 020 ## - NÚMERO INTERNACIONAL NORMALIZADO PARA LIBROS |
| Número Internacional Normalizado para Libros (ISBN) |
842392260X |
| 035 ## - NÚMERO DE CONTROL DEL SISTEMA |
| Número de control del sistema |
(ES-BaCBU)b11245451-34csuc_network |
| 035 ## - NÚMERO DE CONTROL DEL SISTEMA |
| Número de control del sistema |
(ES-BaCBU).b11245451 |
| 035 ## - NÚMERO DE CONTROL DEL SISTEMA |
| Número de control del sistema |
(ccuc001)b11245451 |
| 035 ## - NÚMERO DE CONTROL DEL SISTEMA |
| Número de control del sistema |
(OCoLC)802685639 |
| 040 ## - FUENTE DE LA CATALOGACIÓN |
| Centro catalogador de origen |
ES-BaCBU |
| Lengua de catalogación |
cat |
| Centro transcriptor |
CDMR |
| 080 ## - NÚMERO DE LA CLASIFICACIÓN DECIMAL UNIVERSAL |
| Número de la Clasificación Decimal Universal |
929Berlusconi |
| 080 ## - NÚMERO DE LA CLASIFICACIÓN DECIMAL UNIVERSAL |
| Número de la Clasificación Decimal Universal |
654.17(450)Berlusconi |
| 090 ## - CAMPOS LOCALES |
| Número de clasificación (OCLC) ; Número de clasificación,LLAMADA (RLIN) |
HC302.5.B47 |
| Signatura local (OCLC) ; Signatura sin dividir, número de libro, CALL (RLIN) |
I3418 1992 |
| 100 1# - PUNTO DE ACCESO PRINCIPAL-NOMBRE DE PERSONA |
| Nombre de persona |
Igel, Regina. |
| 245 10 - MENCIÓN DE TÍTULO |
| Título |
Berlusconi : |
| Resto del título |
carrera a la italiana / |
| Mención de responsabilidad, etc. |
Regine Igel |
| 260 ## - PUBLICACIÓN, DISTRIBUCIÓN, ETC. (PIE DE IMPRENTA) |
| Lugar de publicación, distribución, etc. |
Madrid : |
| Nombre del editor, distribuidor, etc. |
Espasa-Calpe, |
| Fecha de publicación, distribución, etc. |
1992 |
| 300 ## - DESCRIPCIÓN FÍSICA |
| Extensión |
243 p. : |
| Otras características físicas |
il ; |
| Dimensiones |
24 cm |
| 504 ## - NOTA DE BIBLIOGRAFÍA, ETC |
| Nota de bibliografía, etc. |
Bibliografia |
| 600 17 - PUNTO DE ACCESO ADICIONAL DE MATERIA - NOMBRE DE PERSONA |
| Nombre de persona |
Berlusconi, Silvio, |
| Fuente de encabezamiento o te&ecute,rmino |
lemac |
| 650 #0 - PUNTO DE ACCESO ADICIONAL DE MATERIA - TÉRMINO DE MATERIA |
| 9 (RLIN) |
4174 |
| Término de materia o nombre geográfico como elemento inicial |
Televisió i política |
| Subdivisión geográfica |
Itàlia |
| 830 #0 - PUNTO DE ACCESO ADICIONAL DE SERIE - TÍTULO UNIFORME |
| Título uniforme |
Perfiles de hoy |
| 907 ## - ELEMENTO G DATOS LOCALES, GDL (RLIN) |
| a |
.b11245451 |
| b |
22-06-21 |
| c |
06-05-08 |
| d |
15-07-92 |
| e |
m |
| f |
a |
| g |
- |
| h |
spa |
| i |
sp |
| j |
0 |
| k |
4 |
| 908 ## - CONTROL DE PARÁMETROS (RLIN) |
| Parametro de comando lanzado |
UAB |
| -- |
UB |
| -- |
UPF |
| -- |
GEPA |
| 942 ## - ENTRADA DE ELEMENTOS AGREGADOS (KOHA) |
| Fuente de clasificaión o esquema |
|
| Koha [por defecto] tipo de item |
Monografies |